| 000 | 00417nam a2200145Ia 4500 | ||
|---|---|---|---|
| 008 | 230917s9999||||xx |||||||||||||| ||und|| | ||
| 040 |
_e44655 _aMAIN |
||
| 041 | _aEnglish | ||
| 082 | _a294.6 B276S | ||
| 100 | _aBarrier, N Gerald | ||
| 245 | 0 | _aSikhs and their literature: A guide to traits, books and periodically 1849-1919 | |
| 260 |
_aDelhi _bManohar Book Service _c1970 |
||
| 300 | _axiv, 153 p. | ||
| 942 | _cBK | ||
| 999 |
_c183117 _d183117 |
||